[Event "SVK ECo-C Extraliga 2018-19"]
[Site "Slovakia"]
[Date "2018.11.10"]
[Round "1"]
[White "Kourousis, Epaminondas"]
[Black "Petenyi, Tamas"]
[Result "1/2-1/2"]
[WhiteElo "2391"]
[BlackElo "2428"]
[Annotator "TA"]
[PlyCount "31"]
[EventDate "2018.11.10"]
[EventType "team-tourn"]
[EventCountry "SVK"]
[SourceTitle "playchess.com"]
[Source "ChessBase"]
[SourceQuality "1"]
[WhiteTeam "Komarno"]
[BlackTeam "Streda"]

{[%evp 14,27,30,23,45,49,45,50,42,37,55,52,43,47,45,57]} 1. Nf3 Nf6 2. g3 g6 3. b3 Bg7 4. Bb2 O-O 5. Bg2 d6 6. d4 c6 7. O-O Qc7 8. Nbd2 {LiveBook: 12 Games. A49: 1 d4 Nf6 2 Nf3 g6 3 g3: Anti-King's Indian systems} (8. c4 Nbd7 9. Nc3 e5 10. e4 Re8 11. Re1 a5 12. d5 Nc5 13. Rb1 Bd7 14. Bf1 Reb8 15. a3 cxd5 16. cxd5 b5 17. b4 axb4 18. axb4 {½-½ (59) Gustafsson,J (2643)-Miciano,J (2260) Cha Am 2018}) 8... Re8 9. e4 {[%cal Be2e4,Be4e5][%mdl 32] White is slightly better.} Bg4 10. Re1 Nbd7 11. e5 Nd5 12. h3 Bxf3 13. Nxf3 ({Don't play} 13. Qxf3 dxe5 14. c4 N5b6 $11) 13... dxe5 14. dxe5 {Predecessor:} Nf8 $146 15. Qe2 Red8 16. h4 {1-0 (39) Dizdar,G (2505)-Rasmussen,L (2295) Lugano 1989} 1/2-1/2

[Event "SVK ECo-C Extraliga 2018-19"]
[Site "Slovakia"]
[Date "2018.11.10"]
[Round "1"]
[White "Pcola, Pavol"]
[Black "Jurcik, Marian"]
[Result "1/2-1/2"]
[WhiteElo "2382"]
[BlackElo "2453"]
[Annotator "TA"]
[PlyCount "26"]
[EventDate "2018.11.10"]
[EventType "team-tourn"]
[EventCountry "SVK"]
[SourceTitle "playchess.com"]
[Source "ChessBase"]
[SourceQuality "1"]
[WhiteTeam "Snina"]
[BlackTeam "Zilina"]

{[%evp 14,26,0,0,11,20,19,14,21,0,20,-25,-20,-18,47]} 1. c4 e5 2. g3 Nf6 3. Bg2 d5 4. cxd5 Nxd5 5. Nc3 Nb6 6. Nf3 Nc6 7. a3 Be6 {A29: English Opening: Four Knights Variation with 4 g3} (7... Be7 8. b4 O-O 9. d3 Re8 10. O-O Bf8 11. Bb2 a5 12. b5 Nd4 13. Nd2 c6 14. bxc6 Nxc6 15. Nc4 Be6 16. Nxb6 Qxb6 17. Rb1 Rad8 18. Ba1 Qc7 19. Qa4 Bd7 20. Qc4 Qc8 21. Bd5 {1-0 (45) Van Wely,L (2695)-Vachier Lagrave,M (2796) chess.com INT 2017}) 8. O-O {LiveBook: 17 Games} Qd7 9. b4 f6 10. Ne4 O-O-O 11. d3 Bh3 12. Qb3 $146 ({Predecessor:} 12. Bd2 h5 13. Nc5 Bxc5 14. bxc5 Nd5 15. Rb1 h4 {0-1 (32) Krsnik Cohar,I (2289)-Sokac,M (2298) Krapinske Toplice 2015}) 12... Bxg2 13. Kxg2 Qd5 ({Black should try} 13... Nd5 $11) 1/2-1/2

[Event "SVK ECo-C Extraliga 2018-19"]
[Site "Slovakia"]
[Date "2018.11.10"]
[Round "1"]
[White "Farkas, Gabor"]
[Black "Szegi, Tamas"]
[Result "1-0"]
[WhiteElo "2373"]
[BlackElo "2170"]
[Annotator "NA"]
[PlyCount "77"]
[EventDate "2018.11.10"]
[EventType "team-tourn"]
[EventCountry "SVK"]
[SourceTitle "playchess.com"]
[Source "ChessBase"]
[SourceQuality "1"]
[WhiteTeam "Streda"]
[BlackTeam "Komarno"]
[TimeControl "40/5400+30:1800+30"]

1. Nf3 {[%emt 0:00:00]} Nf6 {[%emt 0:00:00]} 2. g3 {[%emt 0:00:00]} g6 {[%emt 0:00:00]} 3. Bg2 {[%emt 0:00:06]} Bg7 {[%emt 0:00:00]} 4. O-O {[%emt 0:00:13]} O-O {[%emt 0:00:20]} 5. c4 {[%emt 0:00:08]} d6 {[%emt 0:00:04]} 6. Nc3 {[%emt 0:00:14]} Nc6 {[%emt 0:00:14]} 7. Rb1 {[%emt 0:00:58]} e5 {[%emt 0:07:52]} 8. d3 {[%emt 0:03:06]} a6 {[%emt 0:11:14] LiveBook: 10 Games} 9. b4 {[%emt 0:04:09]} h6 {[%emt 0:08:21]} 10. Qc2 $146 {[%emt 0:12:48] A26: English Opening vs King's Indian with ...Nc6 and d3} ({Predecessor:} 10. a4 Be6 11. b5 axb5 12. axb5 Ne7 13. Qb3 c6 14. bxc6 bxc6 15. Nd2 d5 16. Ba3 Re8 17. Rfc1 Nf5 18. cxd5 cxd5 19. Nb5 Qa5 20. Nc7 Qxd2 21. Nxe8 Rxe8 {½-½ (52) Oparin,G (2612)-Iljiushenok,I (2532) Cheliabinsk 2018}) 10... Kh7 {[%emt 0:11:18]} 11. e3 {[%emt 0:10:04]} Be6 {[%emt 0:10:46]} 12. Nd2 {[%emt 0:06:08]} d5 {[%emt 0:07:38]} 13. b5 {[%emt 0:08:13]} (13. a4 $14) 13... Ne7 {[%emt 0:09:37]} (13... axb5 $11 14. Rxb5 d4) 14. bxa6 {[%emt 0:02:38]} bxa6 {[%emt 0:00:57]} 15. cxd5 {[%emt 0:02:14]} Nfxd5 {[%emt 0:01:31]} 16. Ba3 {[%emt 0:06:04]} Re8 {[%emt 0:04:21]} 17. Rfc1 {[%emt 0:04:20]} c6 {[%emt 0:05:32]} (17... Nxc3 $16 18. Qxc3 Bd5 19. Bxd5 Nxd5) 18. Nce4 {[%emt 0:03:45]} Qa5 {[%emt 0:03:21]} (18... a5 $142 19. Nd6 Rg8) 19. Nc4 {[%emt 0:01:06]} Qd8 {[%emt 0:00:40]} 20. Ned6 {[%emt 0:01:21]} Rg8 {[%emt 0:01:00]} 21. Nb7 {[%emt 0:00:52]} Qe8 {[%emt 0:00:33]} 22. Nc5 {[%emt 0:00:39]} Nc8 {[%emt 0:04:46]} 23. Rb7 {[%emt 0:07:16]} Bf8 {[%emt 0:04:24]} 24. Nxe5 {[%emt 0:04:06]} Nd6 {[%emt 0:00:04] [#]} 25. Nxe6 $3 {[%emt 0:02:48]} Nxb7 {[%emt 0:01:01]} 26. Nxf8+ {[%emt 0:00:45]} Rxf8 {[%emt 0:00:05]} 27. Bxf8 {[%emt 0:01:16]} Qxe5 {[%emt 0:00:04]} 28. Ba3 {[%emt 0:01:08]} Nd8 {[%emt 0:01:17]} 29. e4 {[%emt 0:02:36]} Nc7 {[%emt 0:00:41]} 30. Bb2 {[%emt 0:01:02]} Qa5 {[%emt 0:00:06]} 31. Qc3 {[%emt 0:02:20]} Qxc3 {[%emt 0:00:09]} 32. Bxc3 {[%emt 0:00:31]} Nde6 {[%emt 0:00:31]} 33. Be5 {[%emt 0:01:09]} c5 {[%emt 0:01:09]} 34. d4 {[%emt 0:00:35]} Nb5 $18 {[%emt 0:03:05]} 35. dxc5 {[%emt 0:01:16]} Rc8 {[%emt 0:00:04]} 36. c6 {[%emt 0:03:17]} Nbd4 {[%emt 0:00:06]} 37. Bxd4 {[%emt 0:00:18]} Nxd4 {[%emt 0:00:04]} 38. Rc4 {[%emt 0:00:13]} Nxc6 {[%emt 0:00:18]} 39. e5 {[%emt 0:00:17]} 1-0

[Event "SVK ECo-C Extraliga 2018-19"]
[Site "Slovakia"]
[Date "2018.11.10"]
[Round "1"]
[White "Mikrut, Dariusz"]
[Black "Tropp, Oliver"]
[Result "1-0"]
[WhiteElo "2372"]
[BlackElo "2209"]
[Annotator "NA"]
[PlyCount "77"]
[EventDate "2018.11.10"]
[EventType "team-tourn"]
[EventCountry "SVK"]
[SourceTitle "playchess.com"]
[Source "ChessBase"]
[SourceQuality "1"]
[WhiteTeam "Prakovce"]
[BlackTeam "Liptovska"]
[TimeControl "40/5400+30:1800+30"]

1. d4 {[%emt 0:00:00]} e6 {[%emt 0:00:00]} 2. Nf3 {[%emt 0:00:00]} Nf6 {[%emt 0:00:08]} 3. g3 {[%emt 0:00:43]} b5 {[%emt 0:05:04]} 4. Bg2 {[%emt 0:01:30]} Bb7 {[%emt 0:00:18]} 5. c3 {[%emt 0:00:37]} c5 {[%emt 0:15:54]} 6. O-O {[%emt 0:03:51]} Qb6 {[%emt 0:05:56]} 7. Nbd2 {[%emt 0:00:25]} c4 {[%emt 0:13:58]} 8. a4 {[%emt 0:00:20]} a6 {[%emt 0:02:19]} 9. b3 {[%emt 0:01:19]} d5 {[%emt 0:01:13]} 10. Ne5 {[%emt 0:01:33]} Be7 {[%emt 0:01:47]} (10... cxb3 $16 {is a better defense.} 11. Qxb3 (11. Nxb3 Be7 $14) 11... Nc6) 11. axb5 {[%emt 0:00:19]} cxb3 {[%emt 0:05:02]} 12. Qxb3 {[%emt 0:01:57]} axb5 {[%emt 0:08:21]} 13. Rxa8 {[%emt 0:01:28]} Bxa8 {[%emt 0:00:07]} 14. Ba3 {[%emt 0:00:02]} Nc6 {[%emt 0:25:45]} 15. Bxe7 {[%emt 0:01:05]} Nxe7 {[%emt 0:00:50]} 16. Qa3 {[%emt 0:06:09]} Qb7 {[%emt 0:06:29]} 17. Rb1 {[%emt 0:00:59]} O-O $18 {[%emt 0:00:04]} 18. c4 {[%emt 0:00:37]} b4 {[%emt 0:00:24]} 19. Rxb4 {[%emt 0:00:35]} Qc7 {[%emt 0:00:10]} 20. Ra4 {[%emt 0:03:07]} Bb7 {[%emt 0:00:09]} 21. c5 {[%emt 0:01:09]} Nc6 {[%emt 0:01:20]} 22. Nxc6 {[%emt 0:00:10]} Bxc6 {[%emt 0:00:09]} 23. Ra7 {[%emt 0:00:29]} Qb8 {[%emt 0:00:14]} 24. e3 {[%emt 0:02:43]} Ne4 {[%emt 0:00:49]} 25. Nxe4 {[%emt 0:02:06]} Qb1+ {[%emt 0:01:25]} 26. Bf1 {[%emt 0:00:07]} dxe4 {[%emt 0:00:18]} 27. Qa1 {[%emt 0:01:36]} Qb8 {[%emt 0:01:30]} 28. Ra6 {[%emt 0:00:18]} Bd5 {[%emt 0:00:19]} 29. Qc1 {[%emt 0:06:15]} Rc8 {[%emt 0:02:26]} 30. Bc4 {[%emt 0:02:21]} Bc6 {[%emt 0:00:04]} 31. Qa1 {[%emt 0:01:29]} h5 {[%emt 0:00:26]} 32. h4 {[%emt 0:00:45]} Qc7 {[%emt 0:00:39]} 33. Ra7 {[%emt 0:03:08]} Qb8 {[%emt 0:00:56]} 34. Ra6 {[%emt 0:03:22]} Qb4 {[%emt 0:01:41]} 35. Rxc6 {[%emt 0:01:31]} Rxc6 {[%emt 0:00:42]} 36. Qa8+ {[%emt 0:00:05]} Kh7 {[%emt 0:00:18]} 37. Qxc6 {[%emt 0:00:05]} Qxc4 {[%emt 0:00:14]} 38. Qxe4+ {[%emt 0:00:06]} g6 {[%emt 0:00:21]} 39. Qb7 {[%emt 0:01:17]} 1-0

[Event "SVK ECo-C Extraliga 2018-19"]
[Site "Slovakia"]
[Date "2018.11.10"]
[Round "1"]
[White "Motuz, Karol"]
[Black "Vykouk, Jan"]
[Result "0-1"]
[WhiteElo "2367"]
[BlackElo "2423"]
[Annotator "NA RC"]
[PlyCount "92"]
[EventDate "2018.11.10"]
[EventType "team-tourn"]
[EventCountry "SVK"]
[SourceTitle "playchess.com"]
[Source "ChessBase"]
[SourceQuality "1"]
[WhiteTeam "Dubnica"]
[BlackTeam "Osuske"]
[TimeControl "40/5400+30:1800+30"]

1. d4 {[%emt 0:00:00]} Nf6 {[%emt 0:00:00]} 2. c4 {[%emt 0:00:24]} e6 {[%emt 0:00:18]} 3. Nf3 {[%emt 0:01:19]} b6 {[%emt 0:00:40]} 4. g3 {[%emt 0:01:23]} Ba6 {[%emt 0:00:08]} 5. b3 {[%emt 0:02:35]} Bb4+ {[%emt 0:00:29]} 6. Bd2 {[%emt 0:01:08]} Be7 {[%emt 0:00:12]} 7. Bg2 {[%emt 0:01:53]} c6 {[%emt 0:00:19]} 8. O-O {[%emt 0:01:28]} d5 {[%emt 0:00:24]} 9. Qc2 {[%emt 0:02:44]} Nbd7 {[%emt 0:00:15]} 10. Bf4 {[%emt 0:03:36] LiveBook: 36 Games} Rc8 {[%emt 0:10:48] E15: Damenindisch (Hauptfortsetzung, Abweichungen)} (10... O-O 11. Rd1 Rc8 12. Nbd2 Nh5 13. Be5 Nhf6 14. Bf4 Nh5 15. Be5 Nhf6 16. Bf4 Nh5 {½-½ (16) Postny,E (2658)-Fedorchuk,S (2635) Bol 2015}) 11. Nbd2 {[%emt 0:03:50]} Nh5 {[%emt 0:01:10]} 12. Be3 {[%emt 0:03:00]} O-O {[%emt 0:00:40]} 13. Rfd1 {[%emt 0:06:11]} f5 {[%emt 0:01:36]} 14. Nf1 {[%emt 0:07:10]} Kh8 $146 {[%emt 0:06:40]} ({Vorgänger:} 14... Bd6 15. Bc1 Qf6 16. Bb2 g5 17. Rac1 g4 18. Ne1 f4 19. Nd3 Qf5 {0-1 (29) Salej,J (2114)-Mandiza,F (2390) Arlington 2013}) 15. Bc1 {[%emt 0:07:28]} Bd6 {[%emt 0:02:02]} 16. Bb2 {[%emt 0:03:05]} Qe7 {[%emt 0:02:13]} 17. Rac1 {[%emt 0:09:34]} Nhf6 {[%emt 0:02:05]} 18. Ne5 {[%emt 0:01:58]} Bb8 {[%emt 0:08:33]} 19. Nxd7 {[%emt 0:06:57]} Nxd7 {[%emt 0:01:20]} 20. Nd2 {[%emt 0:03:37]} Nf6 {[%emt 0:04:25]} 21. Nf3 {[%emt 0:04:07]} b5 {[%emt 0:00:42]} 22. Ne5 {[%emt 0:11:51]} Bxe5 {[%emt 0:09:37]} 23. dxe5 {[%emt 0:00:02]} Nd7 {[%emt 0:01:17]} 24. cxb5 {[%emt 0:01:05]} cxb5 {[%emt 0:00:18]} 25. Qd2 {[%emt 0:00:34]} b4 {[%emt 0:03:20]} 26. Bd4 {[%emt 0:01:00]} Bb5 {[%emt 0:06:47]} 27. e3 {[%emt 0:06:39]} Nb8 {[%emt 0:02:57]} 28. Rc2 {[%emt 0:03:06]} Rfe8 {[%emt 0:06:36] [#]} (28... Rc6 $14) 29. Rdc1 $1 {[%emt 0:00:28]} Nc6 {[%emt 0:02:56]} 30. Rc5 {[%emt 0:01:18]} Qb7 {[%emt 0:01:40]} 31. Bf1 {[%emt 0:01:32]} Bxf1 {[%emt 0:00:16]} 32. Kxf1 {[%emt 0:00:24]} Ne7 {[%emt 0:05:30]} 33. Rxc8 {[%emt 0:01:28]} Rxc8 {[%emt 0:00:06]} 34. Rxc8+ {[%emt 0:00:13]} Nxc8 {[%emt 0:00:05]} 35. Qc2 {[%emt 0:00:28]} Kg8 {[%emt 0:00:31]} 36. Kg2 {[%emt 0:01:07]} Kf7 {[%emt 0:01:49]} 37. Qc5 {[%emt 0:00:51]} a6 {[%emt 0:00:49]} 38. Qa5 {[%emt 0:01:10]} Ne7 {[%emt 0:00:25]} 39. Qd8 {[%emt 0:00:35]} Qc6 {[%emt 0:02:42]} 40. Qb8 {[%emt 0:01:03]} Qc2 {[%emt 0:08:16]} 41. Qa7 {[%emt 0:07:11]} Qe4+ {[%emt 0:01:34]} 42. f3 {[%emt 0:11:17]} Qc2+ {[%emt 0:00:04]} 43. Kh3 $2 {[%emt 0:01:26] [#]} (43. Kf1 $11) 43... g5 $1 {[%emt 0:00:04]} 44. e4 {[%emt 0:12:04]} Qe2 {[%emt 0:03:35]} 45. exf5 {[%emt 0:00:27]} h5 {[%emt 0:00:17]} 46. fxe6+ {[%emt 0:01:09]} Kg6 {[%emt 0:00:10]} 0-1

[Event "SVK ECo-C Extraliga 2018-19"]
[Site "Slovakia"]
[Date "2018.11.10"]
[Round "1"]
[White "Wiewiora, Eneasz"]
[Black "Gasa, Andrej"]
[Result "1-0"]
[WhiteElo "2347"]
[BlackElo "2288"]
[Annotator "NA"]
[PlyCount "75"]
[EventDate "2018.11.10"]
[EventType "team-tourn"]
[EventCountry "SVK"]
[SourceTitle "playchess.com"]
[Source "ChessBase"]
[SourceQuality "1"]
[WhiteTeam "Dubnica"]
[BlackTeam "Osuske"]
[TimeControl "40/5400+30:1800+30"]

1. d4 {[%emt 0:00:00]} Nf6 {[%emt 0:00:00]} 2. c4 {[%emt 0:00:00]} e6 {[%emt 0:00:00]} 3. Nf3 {[%emt 0:00:00]} d5 {[%emt 0:00:55]} 4. g3 {[%emt 0:00:00]} Bb4+ {[%emt 0:03:00]} 5. Bd2 {[%emt 0:00:00]} Be7 {[%emt 0:00:08]} 6. Bg2 {[%emt 0:00:00]} O-O {[%emt 0:00:07]} 7. O-O {[%emt 0:00:03]} Nbd7 {[%emt 0:19:56]} 8. Qc2 {[%emt 0:00:06] E11: Bogo-Indian} (8. Nc3 c6 9. Bf4 dxc4 10. e4 Re8 11. a4 b6 12. d5 exd5 13. exd5 Bb7 14. a5 bxa5 15. d6 Bf8 16. Nd2 Nd5 17. Nxd5 cxd5 18. Nxc4 dxc4 19. Bxb7 {½-½ (42) Nakamura,H (2777)-Karjakin,S (2773) Saint Louis 2018}) 8... Ne4 {[%emt 0:03:14] LiveBook: 103 Games} 9. Nc3 {[%emt 0:02:28]} Ndf6 {[%emt 0:01:51]} 10. Rad1 $146 {[%emt 0:01:11]} ({Predecessor:} 10. Bf4 c6 11. Ne5 Nxc3 12. bxc3 Bd6 13. Rad1 Nh5 14. Bc1 f6 15. Nf3 f5 {1-0 (50) Baenziger,F (2356)-Schmidt Schaeffer,S (2367) Switzerland 2018}) 10... c6 {[%emt 0:00:47]} 11. Ne5 {[%emt 0:02:43]} Nd6 {[%emt 0:06:30]} 12. b3 {[%emt 0:24:13]} Nd7 {[%emt 0:03:12]} 13. e4 {[%emt 0:06:59]} dxe4 {[%emt 0:11:58]} 14. Nxe4 {[%emt 0:05:45]} Nxe4 {[%emt 0:00:14]} 15. Qxe4 {[%emt 0:04:47]} f5 {[%emt 0:05:09]} 16. Qe1 {[%emt 0:12:13]} Nxe5 {[%emt 0:00:12]} 17. dxe5 {[%emt 0:00:05]} Qc7 {[%emt 0:00:24]} 18. Ba5 {[%emt 0:01:35]} Qb8 {[%emt 0:10:17]} 19. Rd3 {[%emt 0:05:15]} b6 {[%emt 0:12:06]} 20. Bb4 {[%emt 0:01:57]} c5 {[%emt 0:07:59]} 21. Bxa8 {[%emt 0:08:05]} Qxa8 {[%emt 0:00:02]} 22. Bc3 {[%emt 0:00:11]} g5 {[%emt 0:00:07]} 23. f3 {[%emt 0:02:28]} h5 {[%emt 0:00:36]} 24. Qd2 {[%emt 0:01:34]} Qc6 {[%emt 0:01:04]} 25. Rf2 {[%emt 0:10:05]} Rf7 {[%emt 0:00:14]} 26. Kf1 {[%emt 0:01:19]} b5 {[%emt 0:00:10]} 27. Ba5 {[%emt 0:07:52]} bxc4 {[%emt 0:01:49]} 28. bxc4 {[%emt 0:00:01]} Ba6 {[%emt 0:00:08]} 29. Qc3 {[%emt 0:00:45]} g4 {[%emt 0:00:08]} 30. Bd8 {[%emt 0:00:36]} Qa4 {[%emt 0:03:02]} 31. Rc2 {[%emt 0:00:12]} Bf8 {[%emt 0:00:09]} 32. Bf6 {[%emt 0:00:10]} gxf3 {[%emt 0:00:11]} 33. Rd8 {[%emt 0:01:22]} Kh7 {[%emt 0:01:16]} 34. Kf2 {[%emt 0:00:14]} Bb7 {[%emt 0:00:26]} 35. Rb2 {[%emt 0:01:33]} Be4 {[%emt 0:00:12]} 36. Qd2 $18 {[%emt 0:00:55]} Qa3 {[%emt 0:03:26]} 37. Rxf8 {[%emt 0:01:02]} Rxf8 {[%emt 0:00:17]} 38. Qd7+ {[%emt 0:00:11]} 1-0

[Event "SVK ECo-C Extraliga 2018-19"]
[Site "Slovakia"]
[Date "2018.11.10"]
[Round "1"]
[White "Zpevak, Pavel"]
[Black "Rohacek, Miroslav"]
[Result "1-0"]
[WhiteElo "2338"]
[BlackElo "2251"]
[Annotator "NA"]
[PlyCount "93"]
[EventDate "2018.11.10"]
[EventType "team-tourn"]
[EventCountry "SVK"]
[SourceTitle "playchess.com"]
[Source "ChessBase"]
[SourceQuality "1"]
[WhiteTeam "Dubnica"]
[BlackTeam "Osuske"]
[TimeControl "40/5400+30:1800+30"]

1. d4 {[%emt 0:00:00]} d5 {[%emt 0:00:01]} 2. c4 {[%emt 0:00:00]} c6 {[%emt 0:00:26]} 3. Nf3 {[%emt 0:00:00]} Nf6 {[%emt 0:00:22]} 4. Qc2 {[%emt 0:00:09]} g6 {[%emt 0:01:05]} 5. Bf4 {[%emt 0:01:26] LiveBook: 1007 Games} Bf5 {[%emt 0:01:39]} 6. Qb3 {[%emt 0:00:38]} Qb6 {[%emt 0:00:14]} 7. e3 {[%emt 0:00:31]} Bg7 {[%emt 0:01:48]} 8. Nc3 {[%emt 0:01:15] D11: Slav Defence: 3 Nf3 sidelines and 3...Nf6 4 e3 Bg4} Nbd7 {[%emt 0:01:19]} 9. Be2 {[%emt 0:03:48]} dxc4 $146 {[%emt 0:03:17]} ({Predecessor:} 9... O-O 10. O-O Qxb3 11. axb3 h6 12. h3 a6 13. g4 Be6 14. c5 Ne4 15. Ra4 g5 16. Bh2 f5 17. Nxe4 fxe4 18. Nd2 {½-½ (18) Konopka,M (2445)-Polak,T (2553) Decin 2009}) 10. Bxc4 {[%emt 0:00:25]} Qxb3 {[%emt 0:00:09]} 11. Bxb3 {[%emt 0:00:12]} Nb6 {[%emt 0:00:15]} 12. h3 {[%emt 0:08:12]} Nbd5 {[%emt 0:05:13]} 13. Nxd5 {[%emt 0:01:02]} Nxd5 {[%emt 0:01:11]} 14. Be5 {[%emt 0:01:20]} O-O {[%emt 0:06:57]} 15. O-O {[%emt 0:13:43]} Rac8 {[%emt 0:14:59]} 16. Rfe1 {[%emt 0:11:13]} Bxe5 {[%emt 0:09:14]} 17. Nxe5 {[%emt 0:00:27]} Be6 {[%emt 0:03:38]} 18. Rec1 {[%emt 0:15:22]} Nc7 {[%emt 0:03:45]} 19. Bd1 {[%emt 0:01:46]} Rfd8 {[%emt 0:03:14]} 20. Be2 {[%emt 0:01:17]} Ne8 {[%emt 0:04:19]} 21. Nd3 {[%emt 0:02:32]} Rc7 {[%emt 0:08:03]} 22. f3 {[%emt 0:10:52]} Bc8 {[%emt 0:05:37]} 23. Kf2 {[%emt 0:00:41]} Nf6 {[%emt 0:01:20]} 24. Rc5 {[%emt 0:03:33]} Nd7 {[%emt 0:07:27]} 25. Rc3 {[%emt 0:01:33]} b6 {[%emt 0:02:21]} 26. Rac1 {[%emt 0:01:14]} Bb7 {[%emt 0:00:13]} 27. b4 {[%emt 0:03:47]} Nb8 {[%emt 0:03:51]} 28. f4 {[%emt 0:01:58]} Ba6 {[%emt 0:04:08]} 29. Ne5 {[%emt 0:02:36]} Bxe2 {[%emt 0:01:17]} 30. Kxe2 {[%emt 0:00:09]} Rdc8 {[%emt 0:00:17]} 31. b5 {[%emt 0:05:10]} c5 {[%emt 0:00:21]} 32. dxc5 {[%emt 0:00:09]} bxc5 {[%emt 0:03:55]} 33. Nc6 {[%emt 0:01:11]} Kf8 {[%emt 0:01:06]} 34. Nxb8 {[%emt 0:01:42]} Rxb8 {[%emt 0:00:08]} 35. Rxc5 {[%emt 0:00:05]} Rcb7 {[%emt 0:01:50]} 36. a4 {[%emt 0:01:59]} Ke8 {[%emt 0:00:59]} 37. Rc8+ {[%emt 0:02:15]} Kd7 {[%emt 0:00:21]} 38. Rxb8 {[%emt 0:00:13]} Rxb8 {[%emt 0:00:02]} 39. Rc6 {[%emt 0:00:10]} Rb7 {[%emt 0:01:48]} 40. Kd3 {[%emt 0:01:12]} Kd8 {[%emt 0:00:50]} 41. Kc3 {[%emt 0:33:02]} Rd7 {[%emt 0:08:15]} 42. Kb4 {[%emt 0:00:00]} Rd3 $18 {[%emt 0:02:28]} 43. Rc3 {[%emt 0:00:00]} Rd7 {[%emt 0:03:47]} 44. Ka5 {[%emt 0:00:00]} e5 {[%emt 0:03:30]} 45. fxe5 {[%emt 0:00:00]} Re7 {[%emt 0:00:09]} 46. Ka6 {[%emt 0:00:00]} g5 {[%emt 0:02:46]} 47. Rc5 {[%emt 0:00:00]} 1-0

[Event "SVK ECo-C Extraliga 2018-19"]
[Site "Slovakia"]
[Date "2018.11.10"]
[Round "1"]
[White "Jurcik, Martin"]
[Black "Stohl, Igor"]
[Result "1/2-1/2"]
[WhiteElo "2333"]
[BlackElo "2503"]
[Annotator "TA"]
[PlyCount "43"]
[EventDate "2018.11.10"]
[EventType "team-tourn"]
[EventCountry "SVK"]
[SourceTitle "playchess.com"]
[Source "ChessBase"]
[SourceQuality "1"]
[WhiteTeam "Dunajov"]
[BlackTeam "Modra"]

{[%evp 21,43,-6,-4,-1,-8,-4,0,-6,-11,-11,-4,-20,0,0,0,-8,-8,-8,-1,-3,0,-4,-5,-8]} 1. e4 e5 2. Nf3 Nf6 3. Nxe5 d6 4. Nf3 Nxe4 5. Qe2 Qe7 6. d3 Nf6 7. Bg5 Qxe2+ 8. Bxe2 Be7 9. Nc3 c6 10. Ne4 Nbd7 {C42: Petroff Defence: 3 Nxe5 and unusual White 3rd moves} (10... Nxe4 11. dxe4 Bxg5 12. Nxg5 h6 13. Nf3 Ke7 14. O-O-O Rd8 15. Nd4 {½-½ (15) Svidler,P (2754)-Grischuk,A (2736) Moscow 2009}) 11. Nxf6+ Bxf6 {LiveBook: 10 Games. The position is equal.} 12. c3 $146 ({Predecessor:} 12. Bxf6 Nxf6 13. O-O O-O 14. Rfe1 Re8 15. h3 Bd7 16. Bf1 Rxe1 17. Rxe1 Re8 18. Rxe8+ Bxe8 {½-½ (38) Karasev,V (2354)-Zhelnin,V (2464) Sochi 2016}) 12... Bxg5 13. Nxg5 Nf6 14. Ne4 Nxe4 15. dxe4 Be6 16. a3 d5 17. exd5 Bxd5 18. f3 O-O-O 19. O-O-O Bb3 20. Rxd8+ Rxd8 21. Bd1 Bxd1 22. Rxd1 1/2-1/2

[Event "SVK ECo-C Extraliga 2018-19"]
[Site "Slovakia"]
[Date "2018.11.10"]
[Round "1"]
[White "Chovan, Milan"]
[Black "Franzen, Jozef"]
[Result "1-0"]
[WhiteElo "2332"]
[BlackElo "2239"]
[Annotator "NA"]
[PlyCount "79"]
[EventDate "2018.11.10"]
[EventType "team-tourn"]
[EventCountry "SVK"]
[SourceTitle "playchess.com"]
[Source "ChessBase"]
[SourceQuality "1"]
[WhiteTeam "Podhajska"]
[BlackTeam "Slovan"]
[TimeControl "40/5400+30:1800+30"]

1. d4 {[%emt 0:00:00]} Nf6 {[%emt 0:00:00]} 2. c4 {[%emt 0:00:00]} g6 {[%emt 0:00:00]} 3. Nc3 {[%emt 0:00:24]} Bg7 {[%emt 0:00:00]} 4. e4 {[%emt 0:00:07]} d6 {[%emt 0:00:00]} 5. Nf3 {[%emt 0:00:05]} O-O {[%emt 0:00:01]} 6. Be2 {[%emt 0:00:04]} Nbd7 {[%emt 0:00:11]} 7. O-O {[%emt 0:00:43]} e5 {[%emt 0:00:07]} 8. Be3 {[%emt 0:00:34]} c6 {[%emt 0:00:19]} 9. d5 {[%emt 0:02:26]} cxd5 {[%emt 0:00:21]} 10. cxd5 {[%emt 0:02:09]} Ng4 {[%emt 0:05:41]} 11. Bg5 {[%emt 0:10:32]} f6 {[%emt 0:00:22]} 12. Bh4 {[%emt 0:06:06] E94: King's Indian: Classical: 6 Be2 e5 7 0-0: Various Black 7th moves} Nh6 {[%emt 0:02:25]} 13. Nd2 {[%emt 0:04:31]} g5 {[%emt 0:02:20]} 14. Bg3 {[%emt 0:00:04]} f5 {[%emt 0:00:09]} 15. exf5 {[%emt 0:06:02]} Nxf5 {[%emt 0:00:09]} 16. Nde4 {[%emt 0:00:14]} h6 $146 {[%emt 0:02:38]} ({Predecessor:} 16... Bh6 17. Bd3 Nf6 18. Nxf6+ Rxf6 19. Ne4 Rg6 {1-0 (50) Cummings,D (2369)-Gaspariants,V (2305) Sackville 2001}) 17. Rc1 {[%emt 0:04:16]} Nf6 {[%emt 0:01:05]} 18. Nxf6+ {[%emt 0:01:31]} Bxf6 {[%emt 0:01:11]} 19. Bg4 {[%emt 0:09:30]} Nd4 {[%emt 0:02:06]} 20. Ne4 {[%emt 0:02:28]} Be7 {[%emt 0:05:34]} 21. Kh1 {[%emt 0:06:36]} Qa5 {[%emt 0:05:44]} 22. Bxc8 {[%emt 0:05:40]} Raxc8 {[%emt 0:00:04]} 23. Rxc8 {[%emt 0:01:42]} Rxc8 {[%emt 0:00:04]} 24. Qg4 {[%emt 0:00:14]} Qd8 {[%emt 0:03:42]} 25. h4 {[%emt 0:06:49]} Kg7 $2 {[%emt 0:00:59]} (25... Qf8 $1 $11 {and Black has nothing to worry.}) 26. hxg5 {[%emt 0:03:13]} hxg5 {[%emt 0:00:10]} 27. f4 {[%emt 0:01:45]} exf4 {[%emt 0:15:09]} 28. Bxf4 {[%emt 0:02:08]} Qh8+ {[%emt 0:00:59]} 29. Bh2 {[%emt 0:00:28]} Rf8 {[%emt 0:03:34]} 30. Rxf8 {[%emt 0:04:08]} Qxf8 {[%emt 0:00:02]} 31. Ng3 {[%emt 0:00:48]} Bf6 {[%emt 0:01:18]} 32. Nh5+ {[%emt 0:05:38]} Kh6 {[%emt 0:01:50]} 33. Bg1 {[%emt 0:01:19]} Nb5 {[%emt 0:02:44]} 34. Ng3 {[%emt 0:00:37]} Qe8 {[%emt 0:05:55]} 35. Qh3+ {[%emt 0:04:10]} Kg7 {[%emt 0:00:10]} 36. Nh5+ {[%emt 0:00:49]} Kg6 $18 {[%emt 0:00:31]} (36... Kf7 $16) 37. Qd3+ {[%emt 0:00:24]} Kxh5 {[%emt 0:01:13]} 38. Qh7+ {[%emt 0:00:09]} Kg4 {[%emt 0:00:04]} 39. Qh3+ {[%emt 0:00:11]} Kf4 {[%emt 0:00:05]} 40. Qf3+ {[%emt 0:00:13]} 1-0